Entraineurs Inter Milan - Statistiques

Statistiques générales
  • Ce quiz a été pris 21 fois
  • Le résultat moyen est 7 sur 16
Statistiques - réponses
Nationalité Réponse Période Nb Match % Correct
Italie Simone Inzaghi 2021-2025 188
94%
Portugal José Mourinho 2008-2010 108
88%
Italie Antonio Conte 2019-2021 102
82%
Roumanie Cristian Chivu 2025- 13
71%
Italie Luciano Spalletti 2017-2019 90
59%
Espagne Rafael Benítez 2010 27
41%
Italie Claudio Ranieri 2011-2012 25
35%
Italie Roberto Mancini 2004-2008 249
29%
Italie Roberto Mancini 2014-2016 76
29%
Pays-Bas Frank de Boer 2016 27
24%
Italie Gian Piero Gasperini 2011 13
24%
Italie Stefano Pioli 2017 27
24%
Italie Andrea Stramaccioni 2012-2013 49
18%
Brésil Leonardo 2010-2011 28
18%
Italie Walter Mazzarri 2013-2014 58
18%
Italie Stefano Vecchi 2016-2017 57
0%
Aucun quiz correspondant
Distribution des résultats
% des personnes avec chaque résultat
Percentile par nombre de réponses
Votre historique - résultats
Vous n’avez pas pris ce quiz